Zufällige deutsche Städte - Bilderquiz - Statistiken

Allgemein
  • Dieses Quiz wurde 114 mal gespielt
  • Das Durchschnittsergebnis liegt bei 10 aus 16
Antwortstatistiken
Bildquiz Antwort % Korrekt
Köln
100%
Hamburg
98%
Wuppertal
96%
Frankfurt am Main
93%
Berlin
88%
Dortmund
88%
Lübeck
80%
Düsseldorf
72%
Bremen
67%
Leipzig
61%
Nürnberg
45%
Hannover
40%
Bremerhaven
39%
Erfurt
33%
Jena
29%
Osnabrück
11%
Keine übereinstimmenden Quizze gefunden
Verteilung der Resultate
Anzahl Personen mit jedem Resultat
Perzentil nach korrekt beantworteten Fragen
Ihre Resultats-Entwicklung
Sie haben dieses Quiz noch nicht gespielt